000 00573nam a2200181 i 4500
001 25356
003 ES-MaACL
005 20230906153239.0
007 t|
008 021226s1958 sp ||||1| spa d
100 1 _aArmas Medina, Gabriel de.
_922930
245 1 0 _aUnamuno
_b: ¿guía o símbolo? /
_cGabriel de Armas Medina.
260 _a[Madrid :
_bs.n.,
_c1958] (
_fSuc. de Rivadeneyra)
300 _a210 p. ;
_c19 cm.
600 1 4 _aUnamuno, Miguel de,
_d1864-1936-
_xCrítica e interpretación
_9111984
852 _aES-MaACL
_jC-16236
999 _c25356
_d25356